[Event "World Blitz 2015"]
[Site "Berlin GER"]
[Date "2015.10.14"]
[Round "15.12"]
[White "Wojtaszek, Radoslaw"]
[Black "Socko, Bartosz"]
[Result "1-0"]
[WhiteTitle "GM"]
[BlackTitle "GM"]
[WhiteElo "2734"]
[BlackElo "2599"]
[WhiteFideId "1118358"]
[BlackFideId "1107038"]
[EventDate "2015.10.13"]

1. d4 e6 2. c4 Nf6 3. Nf3 Bb4+ 4. Nc3 c5 5. e3 O-O 6. Bd3 d5 7. O-O cxd4 8. exd4
dxc4 9. Bxc4 b6 10. Bg5 Bb7 11. Re1 Nc6 12. a3 Bxc3 13. bxc3 Rc8 14. Qd3 Ne7 15.
Bb3 Ng6 16. Rad1 Qc7 17. Bxf6 gxf6 18. c4 Nf4 19. Qe3 Kh8 20. d5 e5 21. g3 Rg8
22. Kf1 Ng6 23. h4 Qd7 24. h5 Qh3+ 25. Ke2 Qxh5 26. Rh1 Nf4+ 27. gxf4 Qf5 28.
fxe5 Rge8 29. Qd3 Qxd3+ 30. Rxd3 fxe5 31. Ng5 Kg7 32. Rxh7+ Kg6 33. Rg3 Ba6 34.
Rxf7 Bxc4+ 35. Bxc4 Rxc4 36. Rxa7 Rc2+ 37. Kf1 Rec8 38. Ne4+ Kh6 39. Rag7 1-0

[Event "World Blitz 2015"]
[Site "Berlin GER"]
[Date "2015.10.14"]
[Round "15.13"]
[White "Vovk, Yuri"]
[Black "Movsesian, Sergei"]
[Result "1-0"]
[WhiteTitle "GM"]
[BlackTitle "GM"]
[WhiteElo "2617"]
[BlackElo "2658"]
[WhiteFideId "14113171"]
[BlackFideId "310204"]
[EventDate "2015.10.13"]

1. d4 d5 2. c4 c6 3. Nf3 Nf6 4. Nc3 a6 5. e3 b5 6. b3 Bg4 7. Qc2 Bxf3 8. gxf3 e6
9. Bd2 Nbd7 10. Bd3 g6 11. f4 Bg7 12. c5 Ng8 13. h4 h5 14. O-O-O Ne7 15. Ne2 Nf5
16. Bxf5 exf5 17. Ng1 Nf6 18. Nf3 Ng4 19. Be1 O-O 20. Ne5 Qc7 21. Qe2 a5 22. a3
f6 23. Nd3 Rfe8 24. Bd2 Re7 25. Qe1 a4 26. b4 Rae8 27. Qg1 Kf7 28. Re1 Qd7 29.
f3 Nh6 30. Qg2 Rg8 31. Rhg1 Bf8 32. Bc3 Ke8 33. Qa2 Qe6 34. Rg2 Kd7 35. Bd2 Kc7
36. Reg1 Qf7 37. Qc2 Qe8 38. Nf2 Rxe3 39. Bxe3 Qxe3+ 40. Kb2 Qxf4 41. Rxg6 Qxd4+
42. Ka2 Rxg6 43. Rxg6 Nf7 44. Nd3 Bh6 45. Qe2 Kd7 46. f4 Qc4+ 47. Ka1 Qc3+ 48.
Ka2 Qb3+ 49. Ka1 Qxa3+ 50. Kb1 Qb3+ 51. Ka1 a3 52. Rg8 Ne5 53. fxe5 a2 54. Nb2
Bc1 55. Rg7+ Kc8 56. Rg8+ Kb7 57. exf6 Bxb2+ 58. Qxb2 Qd1+ 59. Kxa2 Qa4+ 60. Kb1
Qd1+ 61. Qc1 Qb3+ 62. Ka1 Qa4+ 63. Kb2 Qxb4+ 64. Kc2 Qe4+ 65. Kb3 Qd3+ 66. Qc3
Qb1+ 67. Ka3 d4 68. Qxd4 Qc1+ 69. Kb3 Qb1+ 70. Qb2 Qd3+ 71. Ka2 Qc4+ 72. Qb3
Qe2+ 73. Ka3 Ka6 74. Qa2 1-0

[Event "World Blitz 2015"]
[Site "Berlin GER"]
[Date "2015.10.14"]
[Round "15.15"]
[White "Fressinet, Laurent"]
[Black "Nepomniachtchi, Ian"]
[Result "0-1"]
[WhiteTitle "GM"]
[BlackTitle "GM"]
[WhiteElo "2702"]
[BlackElo "2705"]
[WhiteFideId "608742"]
[BlackFideId "4168119"]
[EventDate "2015.10.13"]

1. e4 d6 2. d4 Nf6 3. Nc3 g6 4. Be3 a6 5. Qd2 b5 6. f3 Bb7 7. a4 b4 8. Nd1 a5 9.
c3 Na6 10. Bd3 Bg7 11. Ne2 O-O 12. Bh6 e5 13. Bxg7 Kxg7 14. O-O Re8 15. Nf2 Qe7
16. Rae1 Rad8 17. d5 bxc3 18. Nxc3 Nb4 19. Bb5 c6 20. dxc6 Bxc6 21. Nd3 Bxb5 22.
Nxb5 d5 23. Nxb4 dxe4 24. Qf2 e3 25. Qxe3 Qxb4 26. Qa3 Qxa3 27. Nxa3 Rd4 28. b3
Rb8 29. Nb5 Rd5 30. Rd1 Rc8 31. Nd6 Rc3 32. Nc4 Rc5 33. Rb1 Nd5 34. Rfc1 Rxc1+
35. Rxc1 Nf4 36. Kf1 Rd5 37. g3 Ne6 38. Kf2 Nc5 39. Ne3 Nd3+ 40. Kf1 Nxc1 41.
Nxd5 Nxb3 42. Ke2 Nc5 43. Nb6 Kf6 44. Nc4 Nxa4 45. Nxa5 Ke6 46. Nc4 f5 47. Ke3
Nc5 48. Nd2 Kd5 49. Nf1 g5 50. Nd2 f4+ 51. gxf4 gxf4+ 52. Ke2 Kd4 53. Nf1 Nb3
54. h4 Kc3 55. h5 Nc1+ 56. Kf2 Nd3+ 57. Ke2 Nc1+ 58. Kf2 Kd3 59. Nh2 Kd2 60. Ng4
Nd3+ 61. Kf1 Nc5 62. Kf2 Nd7 63. Kf1 Kd3 64. Kf2 Kd4 65. Ke2 Kd5 66. Kd3 Ke6 67.
Ke2 Kf5 68. h6 Nf6 69. Nf2 Kg5 70. Nd3 Nd7 71. Kf2 Kxh6 72. Kg2 Kg5 73. Nf2 Nf6 0-1

[Event "World Blitz 2015"]
[Site "Berlin GER"]
[Date "2015.10.14"]
[Round "15.16"]
[White "Petrosian, Tigran L."]
[Black "Anand, Viswanathan"]
[Result "1/2-1/2"]
[WhiteTitle "GM"]
[BlackTitle "GM"]
[WhiteElo "2625"]
[BlackElo "2803"]
[WhiteFideId "13301616"]
[BlackFideId "5000017"]
[EventDate "2015.10.13"]

1. Nf3 d5 2. g3 c6 3. Bg2 Bg4 4. c4 e6 5. O-O Nd7 6. cxd5 exd5 7. Qb3 Qb6 8. Qc2
Ngf6 9. d3 Be7 10. Nc3 Bxf3 11. Bxf3 d4 12. Nb1 Ne5 13. Bg2 O-O 14. Nd2 Rfe8 15.
a3 a5 16. b3 Bf8 17. Nc4 Nxc4 18. bxc4 Bc5 19. Rb1 Qc7 20. Bf4 Qd7 21. Qb2 b6
22. Rfe1 h6 23. Rbd1 Rac8 24. e4 dxe3 25. Bxe3 Bxe3 26. fxe3 b5 27. Qc3 Qa7 28.
d4 bxc4 29. Qxc4 Ne4 30. Rc1 g6 31. Qd3 Qe7 32. Rc2 h5 33. Bxe4 Qxe4 34. Qxe4
Rxe4 35. Kf2 Re6 36. Rb1 Kg7 37. Rc5 a4 38. Rb4 Rce8 39. Rc3 Ra8 40. Rb6 Rc8 41.
h4 Rf6+ 42. Ke2 Re6 43. Rb4 Ra8 44. Rb6 Rc8 45. Rb7 Rd8 46. Kf3 Rf6+ 47. Kg2 Re6
48. Rb4 Ra8 49. Kf3 Ra5 50. e4 g5 51. Rbc4 Rf6+ 52. Ke3 gxh4 53. gxh4 Rg6 54.
Rxc6 Rg3+ 55. Kf4 Rg4+ 56. Kf3 Rxh4 57. d5 Ra8 58. Ke3 Re8 59. R6c4 Kf6 60. d6
Ke6 61. Kd4 Kxd6 62. Rc6+ Ke7 63. Rh6 Rd8+ 64. Ke5 Rd7 65. Rc8 Rb7 66. Rc5 Rh1
67. Ra5 h4 68. Rxa4 h3 69. Ra8 h2 70. Rah8 Ra7 71. Rxh2 Rxh2 72. Rxh2 Rxa3 1/2-1/2

[Event "World Blitz 2015"]
[Site "Berlin GER"]
[Date "2015.10.14"]
[Round "15.18"]
[White "Kravtsiv, Martyn"]
[Black "Mamedov, Rauf"]
[Result "0-1"]
[WhiteTitle "GM"]
[BlackTitle "GM"]
[WhiteElo "2621"]
[BlackElo "2657"]
[WhiteFideId "14113147"]
[BlackFideId "13401653"]
[EventDate "2015.10.13"]

1. e4 e5 2. Nf3 d6 3. d4 exd4 4. Nxd4 Nf6 5. Nc3 g6 6. Bg5 Bg7 7. Qd2 h6 8. Be3
Ng4 9. Bf4 Nc6 10. Nb3 a5 11. h3 Nge5 12. Bb5 Bd7 13. O-O g5 14. Bg3 O-O 15. a4
Be6 16. Nd5 Ng6 17. c3 Nce5 18. Be2 c6 19. c4 cxd5 20. cxd5 Bd7 21. Nd4 Rc8 22.
Kh1 Qf6 23. Nb5 Nf4 24. f3 Neg6 25. Rab1 Nh4 26. Bxf4 gxf4 27. Rf2 Bxb5 28. Bxb5
Rc5 29. Qe1 Rc7 30. Re2 Ng6 31. b4 Rc3 32. bxa5 Ne5 33. a6 bxa6 34. Bxa6 Qg5 0-1

[Event "World Blitz 2015"]
[Site "Berlin GER"]
[Date "2015.10.14"]
[Round "15.19"]
[White "Morozevich, Alexander"]
[Black "Rublevsky, Sergei"]
[Result "0-1"]
[WhiteTitle "GM"]
[BlackTitle "GM"]
[WhiteElo "2711"]
[BlackElo "2702"]
[WhiteFideId "4116992"]
[BlackFideId "4115309"]
[EventDate "2015.10.13"]

1. e4 c5 2. b3 Nf6 3. e5 Nd5 4. Nf3 g6 5. Ng5 Bg7 6. Nxf7 Kxf7 7. Qf3+ Nf6 8.
Bb2 Nc6 9. Bc4+ e6 10. exf6 Bxf6 11. Nc3 Nd4 12. Qd1 d5 13. Bd3 Kg7 14. O-O e5
15. f3 Re8 16. Rb1 Be6 17. Kh1 Rc8 18. Nb5 Nc6 19. c3 a6 20. Na3 b5 21. Nc2 c4
22. bxc4 bxc4 23. Be2 Bf5 24. g4 Bd3 25. Bxd3 cxd3 26. Ne3 Na5 27. Bc1 Nc4 28.
Rb7+ Re7 29. Rxe7+ Bxe7 30. Re1 Bf6 31. Qa4 Qd6 32. Kg2 Bh4 33. Rd1 e4 34. fxe4
Rf8 35. Rf1 Nxe3+ 36. dxe3 Rxf1 37. Kxf1 Qf6+ 38. Kg2 Qf2+ 39. Kh3 Kh6 40. Qd1
Bg5 41. exd5 Kg7 42. d6 Bf6 43. d7 g5 44. d8=R Bxd8 45. Qxd3 Qf3# 0-1

[Event "World Blitz 2015"]
[Site "Berlin GER"]
[Date "2015.10.14"]
[Round "15.20"]
[White "Gajewski, Grzegorz"]
[Black "Dreev, Aleksey"]
[Result "0-1"]
[WhiteTitle "GM"]
[BlackTitle "GM"]
[WhiteElo "2654"]
[BlackElo "2644"]
[WhiteFideId "1116207"]
[BlackFideId "4100107"]
[EventDate "2015.10.13"]

1. c4 c6 2. Nf3 d5 3. e3 Nf6 4. Nc3 e6 5. Qc2 Bd6 6. d4 Nbd7 7. b3 O-O 8. Bd3 e5
9. cxd5 cxd5 10. Nb5 Bb4+ 11. Bd2 Bxd2+ 12. Nxd2 e4 13. Be2 a6 14. Nc3 Nb8 15.
O-O Nc6 16. Rfc1 Bg4 17. Bf1 Be6 18. Rab1 Rc8 19. b4 Qd6 20. Qb3 Ng4 21. g3 Ne7
22. Ne2 g5 23. h3 Nh6 24. b5 a5 25. b6 Nhf5 26. Rc7 Rxc7 27. bxc7 Qxc7 28. Qxb7
Qxb7 29. Rxb7 Rc8 30. g4 Rc2 31. gxf5 Nxf5 32. Nb3 Nh4 33. Nxa5 Rxa2 34. Nb3
Nf3+ 35. Kg2 h5 36. Nbc1 Rc2 37. Rb1 Kg7 38. Nb3 Nh4+ 39. Kg1 Nf3+ 40. Kh1 Bf5
41. Nc5 Nd2 42. Ng3 Nxb1 43. Nxf5+ Kg6 44. Ne7+ Kg7 45. Kg2 Nc3 46. Nxd5 Nxd5
47. Kg3 f5 48. h4 f4+ 49. Kg2 Nxe3+ 50. Kg1 Nxf1 51. Kxf1 e3 52. fxe3 fxe3 53.
hxg5 Kg6 54. Nd3 Rd2 55. Ne5+ Kxg5 56. Nf3+ Kf4 57. Nxd2 exd2 58. Ke2 h4 59. d5
Ke5 60. Kxd2 h3 0-1

[Event "World Blitz 2015"]
[Site "Berlin GER"]
[Date "2015.10.14"]
[Round "15.21"]
[White "Alekseev, Evgeny"]
[Black "Vitiugov, Nikita"]
[Result "1/2-1/2"]
[WhiteTitle "GM"]
[BlackTitle "GM"]
[WhiteElo "2642"]
[BlackElo "2725"]
[WhiteFideId "4138147"]
[BlackFideId "4152956"]
[EventDate "2015.10.13"]

1. e4 c5 2. Nf3 e6 3. c3 d5 4. exd5 exd5 5. d4 Nc6 6. Bb5 Bd6 7. O-O Nf6 8. Re1+
Be6 9. dxc5 Bxc5 10. Be3 Bxe3 11. Rxe3 O-O 12. Na3 Qb6 13. Qa4 Ne4 14. Rd1 a6
15. Bxc6 bxc6 16. Qb4 Rab8 17. Qxb6 Rxb6 18. b3 a5 19. Nd4 c5 20. Nxe6 fxe6 21.
f3 Nf6 22. c4 a4 23. Nb5 axb3 24. axb3 Ra8 25. Nc7 Rab8 26. Rxe6 dxc4 27. bxc4
Rb2 28. Nd5 Nxd5 29. cxd5 Rc2 30. Re4 Rbb2 31. Rg4 Rd2 32. Rxd2 Rxd2 33. Kf1 1/2-1/2

[Event "World Blitz 2015"]
[Site "Berlin GER"]
[Date "2015.10.14"]
[Round "15.22"]
[White "Bocharov, Dmitry"]
[Black "Navara, David"]
[Result "0-1"]
[WhiteTitle "GM"]
[BlackTitle "GM"]
[WhiteElo "2560"]
[BlackElo "2734"]
[WhiteFideId "4138716"]
[BlackFideId "309095"]
[EventDate "2015.10.13"]

1. Nf3 Nf6 2. e3 c5 3. b3 d6 4. Bb2 e5 5. c4 e4 6. Ng5 h6 7. Nh3 Bxh3 8. gxh3
Nbd7 9. Bg2 Qe7 10. Qc2 O-O-O 11. Nc3 Re8 12. O-O-O h5 13. d3 exd3 14. Rxd3 Ne5
15. Rd2 a6 16. Rhd1 Qe6 17. Kb1 Rh6 18. Nd5 Nxd5 19. Bxd5 Qxh3 20. b4 cxb4 21.
Qa4 Qd7 22. Qxb4 Nc6 23. Qb6 Qc7 24. Qxc7+ Kxc7 25. Bxf7 Re4 26. Bd5 Rh4 27. f4
Rh3 28. e4 Rg6 29. Bf7 Rh6 30. a3 Re3 31. e5 dxe5 32. Rd7+ Kb8 33. fxe5 Bxa3 34.
Bxa3 Rxa3 35. Bd5 Nxe5 36. Rxb7+ Kc8 37. Rf1 Rf6 38. Rxf6 gxf6 39. Rh7 Rc3 40.
Kb2 Re3 41. Rxh5 Nd3+ 42. Kb1 Kd7 43. Rh6 f5 44. h4 f4 45. Rf6 Ke7 46. Rf7+ Kd6
47. h5 Rh3 48. Rf5 a5 49. Bg8 a4 50. Rd5+ Ke7 51. Ra5 f3 52. Rf5 f2 53. Ka2 Rh1
54. Bd5 f1=Q 55. Rxf1 Rxf1 56. h6 Nb4+ 57. Ka3 Nxd5 0-1

[Event "World Blitz 2015"]
[Site "Berlin GER"]
[Date "2015.10.14"]
[Round "15.23"]
[White "Ponomariov, Ruslan"]
[Black "Anton Guijarro, David"]
[Result "1-0"]
[WhiteTitle "GM"]
[BlackTitle "GM"]
[WhiteElo "2710"]
[BlackElo "2634"]
[WhiteFideId "14103320"]
[BlackFideId "2285525"]
[EventDate "2015.10.13"]

1. e4 g6 2. d4 Bg7 3. Nc3 c6 4. Be3 d5 5. f3 Qb6 6. Qd2 Qxb2 7. Rb1 Qa3 8. Bd3
dxe4 9. fxe4 Nf6 10. Nf3 O-O 11. O-O Na6 12. Kh1 Qa5 13. e5 Nd5 14. Nxd5 Qxd5
15. c4 Qd8 16. h3 Nc7 17. Bh6 Rb8 18. Be4 Be6 19. Rbc1 Qd7 20. Bxg7 Kxg7 21. Qf2
Bf5 22. Bxf5 Qxf5 23. Qh4 f6 24. Rce1 Rbe8 25. Qg3 Ne6 26. d5 cxd5 27. cxd5 Qf4
28. Qf2 Ng5 29. Qxa7 fxe5 30. Nxg5 Qxg5 31. Qxb7 Rxf1+ 32. Rxf1 Rd8 33. a4 e4
34. a5 e3 35. a6 Qxd5 36. Qxe7+ Kh6 37. Qxe3+ Qg5 38. Qxg5+ Kxg5 39. Ra1 Ra8 40.
a7 Kf4 41. Kh2 h5 42. Ra4+ Kf5 43. Kg3 g5 44. Ra5+ Ke4 45. Kf2 g4 46. hxg4 hxg4
47. Kg3 1-0

[Event "World Blitz 2015"]
[Site "Berlin GER"]
[Date "2015.10.14"]
[Round "15.24"]
[White "Vallejo Pons, Francisco"]
[Black "Fedoseev, Vladimir3"]
[Result "1/2-1/2"]
[WhiteTitle "GM"]
[BlackTitle "GM"]
[WhiteElo "2684"]
[BlackElo "2659"]
[WhiteFideId "2205530"]
[BlackFideId "24130737"]
[EventDate "2015.10.13"]

1. e4 c6 2. Nc3 d5 3. Nf3 Bg4 4. d4 e6 5. h3 Bh5 6. g4 Bg6 7. exd5 exd5 8. Qe2+
Be7 9. h4 Nf6 10. h5 Be4 11. g5 Bxf3 12. Qxf3 Nfd7 13. g6 O-O 14. gxh7+ Kh8 15.
Bf4 Bg5 16. Be3 Qf6 17. Qxf6 Bxf6 18. O-O-O Re8 19. Bd3 Nf8 20. Ne2 Nbd7 21. c3
Ne6 22. Rhg1 Ndf8 23. Ng3 Nxh7 24. Nf5 Rad8 25. Rg4 b6 26. Bc2 Bg5 27. f4 Bh6
28. Nxh6 gxh6 29. f5 Neg5 30. Bf4 Nf6 31. Rxg5 hxg5 32. Bxg5 Rd6 33. Bf4 Rd7 34.
Be5 Rxe5 35. dxe5 Ng4 36. e6 Re7 37. Rg1 Nf6 38. Re1 Kg7 39. Rg1+ Kh6 40. exf7
Rxf7 41. Bd1 Rg7 42. Rg6+ Rxg6 43. fxg6 Ne4 44. Bf3 Ng5 45. Be2 Ne4 46. Kc2 Kg7
47. Bf3 Ng5 48. Bg4 Kf6 49. b4 c5 50. Be2 Ne4 51. Bd3 Nf2 52. Bf5 Kg7 53. bxc5
bxc5 54. Kd2 Nh1 55. Ke3 Ng3 56. Bg4 Ne4 57. c4 Nf6 58. Be2 dxc4 59. Kf4 c3 60.
Bd1 Nxh5+ 61. Ke5 Ng3 62. Kd5 Nf1 63. Kxc5 Ne3 64. Bb3 c2 65. Bxc2 Nxc2 66. Kb5 1/2-1/2

[Event "World Blitz 2015"]
[Site "Berlin GER"]
[Date "2015.10.14"]
[Round "15.25"]
[White "Ganguly, Surya Shekhar"]
[Black "Savchenko, Boris"]
[Result "0-1"]
[WhiteTitle "GM"]
[BlackTitle "GM"]
[WhiteElo "2652"]
[BlackElo "2567"]
[WhiteFideId "5002150"]
[BlackFideId "4147332"]
[EventDate "2015.10.13"]

1. e4 e6 2. d4 d5 3. Nd2 c5 4. Ngf3 Nf6 5. exd5 exd5 6. Bb5+ Bd7 7. Qe2+ Be7 8.
dxc5 O-O 9. O-O a6 10. Bd3 Bxc5 11. Nb3 Re8 12. Qd1 Bd6 13. h3 h6 14. Be3 Qc8
15. Re1 Nc6 16. Bf1 Bf5 17. Nfd4 Be4 18. Qd2 Qc7 19. Rad1 Ne5 20. Qc1 Neg4 21.
hxg4 Bh2+ 22. Kh1 Nxg4 23. Nf3 Rad8 24. Bd3 Bxf3 25. gxf3 Rxe3 26. fxg4 Rh3 27.
Kg2 Bf4 28. Rd2 Rh2+ 29. Kg1 h5 30. Qd1 Bxd2 31. Nxd2 Rh4 32. Nf3 Rxg4+ 33. Kf1
Rf4 34. Qe2 g6 35. Qe5 Rd7 36. Qxc7 Rxc7 37. Re8+ Kg7 38. Ne5 Kf6 39. Kg2 Re7
40. Rxe7 Kxe7 41. Kg3 Rb4 42. b3 Ke6 43. Nf3 Kf6 44. c3 Rb6 45. Nd4 Rd6 46. a4
Rd7 47. a5 Rc7 48. Ne2 Ke5 49. f4+ Kf6 50. b4 g5 51. fxg5+ Kxg5 52. Bc2 d4 53.
Nxd4 Rxc3+ 54. Kf2 Rc4 55. Ke3 Rxb4 56. Be4 h4 57. Nf3+ Kg4 58. Ne5+ Kg3 59.
Nxf7 Rxe4+ 60. Kxe4 h3 0-1

[Event "World Blitz 2015"]
[Site "Berlin GER"]
[Date "2015.10.14"]
[Round "15.27"]
[White "Iturrizaga Bonelli, Eduardo"]
[Black "Inarkiev, Ernesto"]
[Result "1-0"]
[WhiteTitle "GM"]
[BlackTitle "GM"]
[WhiteElo "2641"]
[BlackElo "2660"]
[WhiteFideId "3901211"]
[BlackFideId "4162722"]
[EventDate "2015.10.13"]

1. Nf3 Nf6 2. c4 e6 3. Nc3 d5 4. d4 Nbd7 5. cxd5 exd5 6. Bf4 c6 7. e3 Be7 8. h3
O-O 9. Bd3 Re8 10. Qc2 Nf8 11. g4 Be6 12. Ne5 c5 13. O-O-O c4 14. Bf5 a6 15. h4
b5 16. g5 Nh5 17. Bh2 b4 18. Bxe6 Nxe6 19. Qf5 Rf8 20. Nc6 g6 21. Qxd5 Qe8 22.
Nxe7+ Qxe7 23. Bd6 Qe8 24. Bxb4 Rb8 25. Bxf8 Qxf8 26. Qxc4 Nhg7 27. d5 Rb4 28.
Qc6 Nc5 29. Rd4 Rxd4 30. exd4 Nd3+ 31. Kb1 Nf5 32. Rd1 Nxf2 33. Re1 Nd6 34. Qxa6
f6 35. Qe2 fxg5 36. Rf1 Qf5+ 37. Ka1 1-0

[Event "World Blitz 2015"]
[Site "Berlin GER"]
[Date "2015.10.14"]
[Round "15.28"]
[White "Guseinov, Gadir"]
[Black "Bachmann, Axel"]
[Result "1-0"]
[WhiteTitle "GM"]
[BlackTitle "GM"]
[WhiteElo "2634"]
[BlackElo "2593"]
[WhiteFideId "13401378"]
[BlackFideId "3700488"]
[EventDate "2015.10.13"]

1. e4 e5 2. Nf3 Nc6 3. Bb5 a6 4. Bxc6 dxc6 5. O-O f6 6. d4 exd4 7. Nxd4 c5 8.
Nb3 Qxd1 9. Rxd1 Bd6 10. Na5 b5 11. c4 Ne7 12. Nc3 Rb8 13. Be3 Be6 14. Rac1 Kf7
15. b3 Rhd8 16. Nd5 Rd7 17. f4 Rbd8 18. Nb7 Rb8 19. Nxc5 Bxc5 20. Bxc5 Nxd5 21.
cxd5 Bg4 22. Re1 Ke8 23. Bb4 Kd8 24. Rc6 f5 25. h3 Bh5 26. exf5 Rxd5 27. Ba5 Rb7
28. Rxa6 b4 29. Re4 Rdb5 30. Rd4+ Ke8 31. Re6+ Kf8 32. Rd8+ Kf7 33. Rd7+ Kf8 34.
Bxc7 h6 35. Bd6+ Kg8 36. Rxb7 Rxb7 37. Re4 Ra7 38. Rxb4 Rxa2 39. Rb8+ Kh7 40.
Rb7 Be8 41. Rc7 Rd2 42. Be5 Rd7 43. Rxd7 Bxd7 44. f6 gxf6 45. Bxf6 Kg6 46. Be5
h5 47. Kf2 Kf5 48. Ke3 Bc6 49. g3 Bg2 50. Kd4 Bxh3 51. Kc5 Kg4 52. b4 Kxg3 53.
f5+ Kf3 54. f6 Be6 55. b5 Ke4 56. b6 Kxe5 57. b7 Kxf6 58. b8=Q 1-0

[Event "World Blitz 2015"]
[Site "Berlin GER"]
[Date "2015.10.14"]
[Round "15.29"]
[White "Kovalenko, Igor"]
[Black "Bluebaum, Matthias"]
[Result "1-0"]
[WhiteTitle "GM"]
[BlackTitle "GM"]
[WhiteElo "2700"]
[BlackElo "2588"]
[WhiteFideId "14117908"]
[BlackFideId "24651516"]
[EventDate "2015.10.13"]

1. d4 d5 2. Nf3 Nf6 3. c4 c6 4. Nc3 dxc4 5. a4 Bf5 6. Ne5 Qc7 7. Nxc4 Na6 8. Bg5
Ne4 9. Bh4 Nb4 10. Rc1 Nxc3 11. bxc3 Nd5 12. Bg3 Qd8 13. e3 e6 14. Be2 Be7 15.
O-O O-O 16. Qb3 Nb6 17. Ne5 Bd6 18. Rfd1 Qc7 19. Bf3 Rab8 20. c4 Nd7 21. Nxd7
Qxd7 22. a5 Bxg3 23. hxg3 Qc7 24. Qa4 c5 25. g4 Bg6 26. d5 exd5 27. Bxd5 Rfd8
28. Qa1 Qe7 29. Qc3 Qh4 30. Bf3 Qe7 31. Rd5 Rxd5 32. Bxd5 Be4 33. f3 Bxd5 34.
cxd5 b6 35. e4 f6 36. Qc4 Qd6 37. Qb5 h6 38. axb6 axb6 39. Ra1 Kh7 40. Kf2 Qf4
41. Ra2 Qe5 42. Rd2 Qc3 43. Rd3 Qc2+ 44. Kg3 c4 45. Rd4 Rc8 46. d6 Qc1 47. Qf5+ 1-0

[Event "World Blitz 2015"]
[Site "Berlin GER"]
[Date "2015.10.14"]
[Round "15.30"]
[White "Eljanov, Pavel"]
[Black "Motylev, Alexander"]
[Result "1-0"]
[WhiteTitle "GM"]
[BlackTitle "GM"]
[WhiteElo "2717"]
[BlackElo "2649"]
[WhiteFideId "14102951"]
[BlackFideId "4121830"]
[EventDate "2015.10.13"]

1. d4 d5 2. Bf4 Nf6 3. e3 c5 4. c3 Nc6 5. Nd2 cxd4 6. exd4 Bf5 7. Ngf3 e6 8. Qb3
Qc8 9. Ne5 Be7 10. Be2 O-O 11. O-O Nxe5 12. Bxe5 Nd7 13. Bg3 Nb8 14. a4 Nc6 15.
a5 a6 16. Qa4 Qd7 17. b4 Rfc8 18. Rfc1 e5 19. dxe5 Nxb4 20. Qxd7 1-0

[Event "World Blitz 2015"]
[Site "Berlin GER"]
[Date "2015.10.14"]
[Round "15.31"]
[White "Nguyen, Ngoc Truong Son"]
[Black "Borisek, Jure"]
[Result "1-0"]
[WhiteTitle "GM"]
[BlackTitle "GM"]
[WhiteElo "2634"]
[BlackElo "2565"]
[WhiteFideId "12401110"]
[BlackFideId "14603152"]
[EventDate "2015.10.13"]

1. e4 e5 2. Nf3 Nc6 3. Bb5 a6 4. Ba4 Nf6 5. O-O Be7 6. Re1 b5 7. Bb3 d6 8. c3
O-O 9. h3 Bb7 10. d4 Re8 11. Ng5 Rf8 12. Nf3 Re8 13. Nbd2 exd4 14. cxd4 Na5 15.
Bc2 Nd7 16. Nf1 Bf6 17. Ng3 g6 18. Bf4 c5 19. dxc5 dxc5 20. Rb1 Nc4 21. Qc1 Nde5
22. Nh2 h5 23. b3 Nb6 24. Be3 Rc8 25. f4 Nd3 26. Bxd3 Qxd3 27. Rd1 Qc3 28. e5
Qxc1 29. Rbxc1 Be7 30. Nf3 Nd5 31. Bd2 c4 32. bxc4 Rxc4 33. Rxc4 bxc4 34. Ne2
Nb4 35. Rb1 a5 36. a3 Bxf3 37. gxf3 Nd5 38. Rb5 Rd8 39. Bxa5 Rd7 40. a4 Ne3 41.
Kf2 Nf5 42. Nc3 Rd2+ 43. Ke1 Rh2 44. Kd1 Rxh3 45. Bb6 Rxf3 46. Nd5 Rd3+ 47. Kc2
h4 48. a5 Ra3 49. Nxe7+ Nxe7 50. Bc5 Ra2+ 51. Kb1 Ra4 52. Bxe7 h3 53. Rb8+ Kh7
54. Bf6 g5 55. f5 1-0

[Event "World Blitz 2015"]
[Site "Berlin GER"]
[Date "2015.10.14"]
[Round "15.33"]
[White "Perunovic, Milos"]
[Black "Bacrot, Etienne"]
[Result "1-0"]
[WhiteTitle "GM"]
[BlackTitle "GM"]
[WhiteElo "2622"]
[BlackElo "2697"]
[WhiteFideId "921629"]
[BlackFideId "605506"]
[EventDate "2015.10.13"]

1. e4 g6 2. d4 d6 3. Nc3 a6 4. Be3 b5 5. Qd2 Bb7 6. f3 Nd7 7. O-O-O c5 8. h4
cxd4 9. Bxd4 Bh6 10. Be3 Bxe3 11. Qxe3 Qb6 12. Qxb6 Nxb6 13. h5 g5 14. Nge2 Nf6
15. Nd4 e6 16. Nb3 Ke7 17. Na5 Rab8 18. h6 Ba8 19. Be2 Rhg8 20. g4 Nfd7 21. Rd4
Ne5 22. a4 bxa4 23. Nxa4 Nbd7 24. Rhd1 Nb6 25. Nc3 Rgd8 26. b3 f6 27. Rf1 Rdc8
28. Kd2 Rc5 29. b4 Rc7 30. Ra1 Ra7 31. Ra3 Rc8 32. Na4 Nbd7 33. Nb2 Rb8 34. c3
Bc6 35. Nbc4 Bb5 36. Nxd6 Bxe2 37. Kxe2 Rb6 38. Ndc4 Nxc4 39. Rxc4 Rd6 40. Nc6+
Rxc6 41. Rxc6 Ne5 42. Rcxa6 Rc7 43. Ra7 1-0

[Event "World Blitz 2015"]
[Site "Berlin GER"]
[Date "2015.10.14"]
[Round "15.36"]
[White "Bologan, Viktor"]
[Black "Meier, Georg"]
[Result "1-0"]
[WhiteTitle "GM"]
[BlackTitle "GM"]
[WhiteElo "2607"]
[BlackElo "2654"]
[WhiteFideId "13900048"]
[BlackFideId "4675789"]
[EventDate "2015.10.13"]

1. e4 e6 2. d4 d5 3. Nc3 Nf6 4. e5 Nfd7 5. f4 c5 6. Nf3 Nc6 7. Be3 Be7 8. Qd2 a6
9. a3 b5 10. Bd3 b4 11. axb4 Nxb4 12. O-O Bb7 13. Be2 O-O 14. Kh1 Qc7 15. Na4 a5
16. dxc5 Nxc5 17. Nxc5 Bxc5 18. Bxc5 Qxc5 19. Nd4 Nc6 20. c3 Nxd4 21. cxd4 Qb6
22. f5 exf5 23. Rxf5 Ba6 24. Bxa6 Rxa6 25. Raf1 Qg6 26. h3 Rb6 27. Qxa5 Qe6 28.
Rf6 gxf6 29. Rxf6 Rxb2 30. Rxe6 fxe6 31. Qa6 Re8 32. Qd3 Rb7 33. Kh2 Rf7 34. Qa6
Kg7 35. Qb6 Ree7 36. h4 h5 37. g3 Rf2+ 38. Kh3 Rf5 39. Qd8 Rff7 40. Qa5 Rb7 41.
Qa3 Rb6 42. Qc1 Kh7 43. Qg5 Rf5 44. Qe7+ Kg6 45. Qe8+ Kh6 46. Qd7 Rf3 47. Qd8
Rbb3 48. Qg5+ 1-0

[Event "World Blitz 2015"]
[Site "Berlin GER"]
[Date "2015.10.14"]
[Round "15.38"]
[White "Khairullin, Ildar"]
[Black "Ponkratov, Pavel"]
[Result "1-0"]
[WhiteTitle "GM"]
[BlackTitle "GM"]
[WhiteElo "2652"]
[BlackElo "2604"]
[WhiteFideId "4151348"]
[BlackFideId "4157800"]
[EventDate "2015.10.13"]

1. d4 Nf6 2. Nf3 e6 3. c4 c5 4. e3 d5 5. Nc3 a6 6. cxd5 exd5 7. Be2 Nc6 8. O-O
Be7 9. b3 O-O 10. Bb2 Bg4 11. dxc5 Bxc5 12. h3 Bh5 13. Nh4 Bg6 14. Nxg6 hxg6 15.
Bf3 Ne7 16. Rc1 Rc8 17. Na4 Ba7 18. Rxc8 Qxc8 19. Qd3 Rd8 20. Rc1 Qb8 21. b4 d4
22. exd4 Qf4 23. Rd1 Nf5 24. Nc5 Bb8 25. g3 Nxg3 26. fxg3 Qxg3+ 27. Bg2 Qh2+ 28.
Kf1 Nh5 29. Qf3 Nf4 30. Nd3 Rd5 31. Nxf4 Rf5 32. Ke2 Rxf4 33. Qd5 Qg3 34. Rf1
Rxf1 35. Bxf1 Bd6 36. a3 Kh7 37. Qxf7 Qh2+ 38. Qf2 Qh1 39. Qg2 1-0